|
|
|
|
| LEADER |
00627nab a2200193 i 4500 |
| 001 |
publ3202 |
| 005 |
20180720145151.0 |
| 008 |
130708s2014 hu o 0|| zxx d |
| 022 |
|
|
|a 0926-2601
|
| 024 |
7 |
|
|a 10.1007/s11118-013-9357-6
|2 doi
|
| 024 |
7 |
|
|a 2351688
|2 mtmt
|
| 040 |
|
|
|a SZTE Publicatio Repozitórium
|b hun
|
| 041 |
|
|
|a zxx
|
| 100 |
1 |
|
|a Totik Vilmos
|
| 245 |
1 |
0 |
|a Chebyshev polynomials on compact sets
|h [elektronikus dokumentum] /
|c Totik Vilmos
|
| 260 |
|
|
|c 2014
|
| 300 |
|
|
|a 511-524
|
| 490 |
0 |
|
|a Potential Analysis
|v 40 No. 4
|
| 856 |
4 |
0 |
|u http://publicatio.bibl.u-szeged.hu/3202/1/Chebyshevongeneralsets.pdf
|z Dokumentum-elérés
|